LEADER 01255cam--2200397---450 001 990000416540203316 005 20200723091017.0 010 $a88-00-72608-9 035 $a0041654 035 $aUSA010041654 035 $a(ALEPH)000041654USA01 035 $a0041654 100 $a20010424d1984----km-y0itay0103----ba 101 0 $aita 102 $aIT 105 $a||||||||001yy 200 1 $aAttualità di Ortega y Gasset$fDario Antiseri...[et al.]$ga cura di Lorenzo Infantino e Luciano Pellicani 210 $aFirenze$cLe Monnier$d1984 215 $aIV, 335 p.$d24 cm 300 $aIn copertina: Libera università internazionale degli studi sociali 600 1$aOrtega y Gasset,$bJosé$2BNCF 676 $a196 702 1$aPELLICANI,$bLuciano 702 1$aINFANTINO,$bLorenzo 702 1$aANTISERI,$bDario 801 0$aIT$bsalbc$gISBD 912 $a990000416540203316 951 $aII.1.D. 4948 (IG XIX 141)$b5681$cII.1.D. 4948 (IG XIX)$d00230622 959 $aBK 969 $aUMA 979 $aPATTY$b90$c20010424$lUSA01$h1827 979 $c20020403$lUSA01$h1649 979 $aPATRY$b90$c20040406$lUSA01$h1629 979 $aRSIAV1$b90$c20090527$lUSA01$h1327 996 $aAttualità di Ortega Y Gasset$9708711 997 $aUNISA LEADER 01217nam 2200349Ia 450 001 996389151903316 005 20221108044537.0 035 $a(CKB)1000000000642053 035 $a(EEBO)2240945793 035 $a(OCoLC)12599709 035 $a(EXLCZ)991000000000642053 100 $a19850925d1691 uy | 101 0 $aeng 135 $aurbn||||a|bb| 200 14$aThe English grammar$b[electronic resource] $esetting forth the grounds of the English tongue, and particularly its genius in making compounds and derivatives, with many other useful and curious observations ... : with a prefatory$fby Guy Miege, Gent 205 $aThe second edition. 210 $aLondon $cPrinted for John Wyat ... and Samuel Clement ...$d1691 215 $a[17], 180 p 300 $aErrata: p. [15]. 300 $aReproduction of original in Bodleian Library. 330 $aeebo-0014 606 $aEnglish language$xGrammar$vEarly works to 1800 615 0$aEnglish language$xGrammar 700 $aMiege$b Guy$f1644-1718?$01002359 801 0$bEAA 801 1$bEAA 801 2$bm/c 801 2$bWaOLN 906 $aBOOK 912 $a996389151903316 996 $aThe English grammar$92345067 997 $aUNISA